| 000 | 00708cam a2200229Ma 4500 | ||
|---|---|---|---|
| 999 |
_c10186 _d10186 |
||
| 001 | 62299063 | ||
| 003 | OCoLC | ||
| 005 | 20241126110727.0 | ||
| 008 | 051117s2005 enkb 000 0 eng d | ||
| 020 | _a0281057397 | ||
| 020 | _a9780281057399 | ||
| 040 |
_aEQO _cEQO _dMZN |
||
| 082 |
_a227.06 _bWRI |
||
| 090 |
_aBS2655.E7 _bW75 2005 |
||
| 100 | 1 |
_aWright, N. T. _q(Nicholas Thomas) _92760 |
|
| 245 | 1 | 0 |
_aPaul : _bfresh perspectives / _cN.T. Wright |
| 260 |
_aLondon : _bSPCK, _c2005 |
||
| 300 |
_axii, 195 p. : _bmap ; _c22 cm |
||
| 630 | 0 | 0 |
_aBible. _pEpistles of Paul _xCriticism, interpretation, etc _92197 |
| 710 | 2 |
_aSociety for Promoting Christian Knowledge (Great Britain) _91722 |
|
| 942 |
_2ddc _cBK _02 |
||